|
|
|
|
| LEADER |
02211cam a2200577 i 4500 |
| 001 |
nkc20152756589 |
| 003 |
CZ PrNK |
| 005 |
20161006085514.0 |
| 007 |
ta |
| 008 |
151228s2015 xr ab e s 000 0 cze d |
| 015 |
|
|
|a cnb002756589
|
| 020 |
|
|
|a 978-80-250-2660-1
|q (brožováno) :
|c Kč 250,00
|
| 035 |
|
|
|a (OCoLC)960189842
|
| 040 |
|
|
|a LIA001
|b cze
|d OLA001
|e rda
|
| 043 |
|
|
|a e-xr---
|b e-xr-li
|2 czenas
|
| 045 |
|
|
|a y0y1
|
| 072 |
|
7 |
|a 314
|x Demografie. Populace
|2 Konspekt
|9 18
|
| 080 |
|
|
|a 314
|2 MRF
|
| 080 |
|
|
|a 316.346.32-053.9
|2 MRF
|
| 080 |
|
|
|a 316.728-021.465
|2 MRF
|
| 080 |
|
|
|a 364.4-053.9
|2 MRF
|
| 080 |
|
|
|a (437.316)
|2 MRF
|
| 080 |
|
|
|a (048.8:083.41)
|2 MRF
|
| 245 |
0 |
0 |
|a Senioři v Libereckém kraji - 2015 /
|c zpracoval: krajská správa Českého statistického úřadu v Liberci
|
| 264 |
|
1 |
|a Liberec :
|b Český statistický úřad,
|c 2015
|
| 300 |
|
|
|a 94 stran :
|b barevné ilustrace, mapy ;
|c 30 cm
|
| 336 |
|
|
|a text
|b txt
|2 rdacontent
|
| 337 |
|
|
|a bez média
|b n
|2 rdamedia
|
| 338 |
|
|
|a svazek
|b nc
|2 rdacarrier
|
| 490 |
1 |
|
|a Lidé a společnost
|
| 648 |
|
4 |
|a 2005-2014
|
| 648 |
|
7 |
|a 2001-2020
|7 ch460601
|2 czenas
|
| 650 |
0 |
7 |
|a obyvatelstvo
|7 ph123621
|z Česko
|y 2001-2020
|2 czenas
|
| 650 |
0 |
7 |
|a senioři
|7 ph117267
|z Česko
|y 2001-2020
|2 czenas
|
| 650 |
0 |
7 |
|a kvalita života
|7 ph198739
|z Česko
|y 2001-2020
|2 czenas
|
| 650 |
0 |
7 |
|a péče o seniory
|7 ph421549
|z Česko
|y 2001-2020
|2 czenas
|
| 650 |
0 |
9 |
|a population
|z Czechia
|y 2001-2020
|2 eczenas
|
| 650 |
0 |
9 |
|a older people
|z Czechia
|y 2001-2020
|2 eczenas
|
| 650 |
0 |
9 |
|a quality of life
|z Czechia
|y 2001-2020
|2 eczenas
|
| 650 |
0 |
9 |
|a older people's care
|z Czechia
|y 2001-2020
|2 eczenas
|
| 651 |
|
7 |
|a Liberecký kraj (Česko : 2000-)
|7 ge135865
|2 czenas
|
| 651 |
|
9 |
|a Liberec Region (Czechia : 2000-)
|2 eczenas
|
| 655 |
|
7 |
|a statistické přehledy
|7 fd133587
|2 czenas
|
| 655 |
|
9 |
|a statistical surveys
|2 eczenas
|
| 710 |
2 |
|
|a Český statistický úřad.
|b Krajská správa Liberec
|7 olak2006333225
|4 aut
|
| 830 |
|
0 |
|a Lidé a společnost
|0 s
|
| 910 |
2 |
|
|a BOA001
|b 4-1368.465
|
| 920 |
|
|
|a 0540012
|z LIA001
|
| 990 |
|
|
|a BK
|
| 995 |
|
|
|a 01
|
| 996 |
6 |
|
|b 2610670345
|c 4-1368.465
|l MZK
|r Sklad / do 1 hodiny
|n 0
|p p.v.
|w 001561165
|u 000010
|a 1
|e BOA001
|j MZK50
|s P
|